<?xml version="1.0" encoding="UTF-8"?>
<marc:record xmlns:marc="http://www.loc.gov/MARC21/slim">
   <marc:leader>00000nam a2200000 a 4500</marc:leader>
   <marc:datafield ind1="1" ind2=" " tag="100">
      <marc:subfield code="a">Krug, Elisabeth</marc:subfield>
      <marc:subfield code="4">aut</marc:subfield>
      <marc:subfield code="e">Verfasser/-in</marc:subfield>
   </marc:datafield>
   <marc:datafield ind1="0" ind2="0" tag="245">
      <marc:subfield code="a">Ich bin ein Mann aus Hamsterdam</marc:subfield>
   </marc:datafield>
   <marc:datafield ind1="0" ind2="0" tag="245">
      <marc:subfield code="c">Elisabeth Krug</marc:subfield>
   </marc:datafield>
   <marc:datafield ind1=" " ind2="1" tag="264">
      <marc:subfield code="a">Gösing/Wagram</marc:subfield>
      <marc:subfield code="b">Ed. Weinviertel</marc:subfield>
      <marc:subfield code="c">2014</marc:subfield>
   </marc:datafield>
   <marc:datafield ind1=" " ind2=" " tag="250">
      <marc:subfield code="a">1. Aufl.</marc:subfield>
   </marc:datafield>
   <marc:datafield ind1="1" ind2=" " tag="520">
      <marc:subfield code="a">Angaben aus der Verlagsmeldung

Ich bin ein Mann aus Hamsterdam / von Elisabeth Krug

Lebendiges Lesen für Kinder und Erwachsene, denen im Elternhaus, im Kindergarten, in der Schule eine umfassende, kreative Sprachförderung ein Anliegen ist. Die Texte entstanden aus jahrzehntelanger pädagogischer Praxis mit Kindern aller Altersstufen und haben sich in zahlreichen Sprachbastel-Workshps bewährt.
Reime für Kleine; Musikalische Gedichte; Gedichte für Volksschulkinder; Rhythmische Gedichte; Gedichtgeschichten; Gedichte im Jahresfestkreis; Rollenspiele; Eine Spiegelschrift-Geschichte
</marc:subfield>
   </marc:datafield>
   <marc:datafield ind1=" " ind2=" " tag="020">
      <marc:subfield code="a">9783902589538</marc:subfield>
      <marc:subfield code="9">9783902589538</marc:subfield>
   </marc:datafield>
   <marc:datafield ind1=" " ind2=" " tag="041">
      <marc:subfield code="a">ger</marc:subfield>
   </marc:datafield>
   <marc:datafield ind1=" " ind2=" " tag="300">
      <marc:subfield code="a">83 S.</marc:subfield>
   </marc:datafield>
</marc:record>
